[Event "Cto. FACV Ind. Absoluto Xixona 2014"]
[Site "Xixona ESP"]
[Date "2014.10.18"]
[Round "3.5"]
[White "Gomez Sanjuan, Hector Fernando"]
[Black "Campos Gambuti, Luis Maria"]
[Result "0-1"]
[WhiteElo "1953"]
[BlackElo "2456"]
[PlyCount "80"]
[EventDate "2014.09.27"]
[EventType "swiss"]
[EventRounds "7"]
[EventCountry "ESP"]
[Source "lmi"]
[SourceDate "2014.09.27"]

1. d4 d5 2. c4 c6 3. Nf3 Nf6 4. Nc3 dxc4 5. a4 c5 6. e3 e6 7. Bxc4 Nc6 8. O-O
Be7 9. dxc5 Qxd1 10. Rxd1 Bxc5 11. h3 Na5 12. Ba2 b6 13. Rb1 Nc6 14. Bc4 O-O
15. e4 Bb4 16. Bb5 Bb7 17. e5 Bxc3 18. bxc3 Ne4 19. Bb2 Rfd8 20. Re1 Na5 21.
Nd4 Rac8 22. Rbc1 Nc5 23. Ra1 Ne4 24. Rac1 Rc5 25. f3 Nd2 26. Rcd1 Ndc4 27.
Bxc4 Nxc4 28. Ba1 Rxe5 29. Kf2 Red5 30. f4 h6 31. Rb1 Rc8 32. Rb5 Nd6 33. Rxd5
Bxd5 34. Kg1 Rc4 35. a5 b5 36. Rb1 a6 37. Rb4 Rc8 38. Rb1 Nc4 39. Nb3 Na3 40.
Rb2 Rxc3 0-1

[Event "Cto. FACV Ind. Absoluto Xixona 2014"]
[Site "Xixona ESP"]
[Date "2014.10.18"]
[Round "3.6"]
[White "Varga, Mariano"]
[Black "Cartagena Valero, Ricardo"]
[Result "1-0"]
[WhiteElo "2083"]
[BlackElo "1655"]
[PlyCount "63"]
[EventDate "2014.09.27"]
[EventType "swiss"]
[EventRounds "7"]
[EventCountry "ESP"]
[Source "lmi"]
[SourceDate "2014.09.27"]

1. d4 Nf6 2. c4 g6 3. Nc3 Bg7 4. e4 d6 5. f4 O-O 6. Nf3 e5 7. fxe5 dxe5 8. Nxe5
Nc6 9. Nxc6 bxc6 10. Be2 Re8 11. e5 Nd7 12. O-O c5 13. Bf3 Rb8 14. Bd5 Rf8 15.
Ne4 cxd4 16. Bg5 Qe8 17. Nf6+ Bxf6 18. exf6 Qd8 19. Qxd4 Nb6 20. Qh4 h5 21. Bf3
Qd3 22. b3 Bb7 23. Rad1 Qf5 24. Bxb7 Qc5+ 25. Kh1 Rxb7 26. Qe4 Rbb8 27. Be3 Qa3
28. Qf4 Rfc8 29. c5 Nd5 30. Rxd5 Qa6 31. Rfd1 Re8 32. Rd6 1-0

[Event "Cto. FACV Ind. Absoluto Xixona 2014"]
[Site "Xixona ESP"]
[Date "2014.10.18"]
[Round "3.7"]
[White "Esquerdo Nogueroles, Gaspar"]
[Black "Del Valle Domenech, Rafael"]
[Result "1/2-1/2"]
[WhiteElo "1959"]
[BlackElo "2013"]
[PlyCount "103"]
[EventDate "2014.09.27"]
[EventType "swiss"]
[EventRounds "7"]
[EventCountry "ESP"]
[Source "lmi"]
[SourceDate "2014.09.27"]

1. e4 Nf6 2. Nc3 e5 3. Bc4 Nc6 4. f4 Bc5 5. Nf3 d6 6. Bd5 Bg4 7. Bxc6+ bxc6 8.
Qe2 exf4 9. d3 Nh5 10. Bd2 Bxf3 11. Qxf3 Qh4+ 12. Ke2 O-O 13. Na4 Bd4 14. c3
Bf6 15. Rag1 g6 16. g3 Qh3 17. gxf4 Qxf3+ 18. Kxf3 Bg7 19. d4 Rab8 20. b4 f5
21. e5 Rfe8 22. Rg2 Rbd8 23. Re1 Kf7 24. Rge2 Bh6 25. Nb2 dxe5 26. Rxe5 Rxe5
27. Rxe5 Rd5 28. Nd3 Bg7 29. Re2 h6 30. Nc5 Rd6 31. h4 Bf6 32. Be1 Be7 33. Nd3
Bf6 34. Bf2 Rd8 35. Ne5+ Bxe5 36. Rxe5 Rd5 37. c4 Rxe5 38. dxe5 a6 39. a4 Ke6
40. Bd4 Ng7 41. Bc5 Kd7 42. Bf8 Ne6 43. Bxh6 Nd4+ 44. Ke3 Nc2+ 45. Kd3 Nxb4+
46. Kc3 a5 47. Bf8 Na6 48. Kd4 Ke6 49. Bc5 Kd7 50. Ba3 Ke6 51. Bc1 Nb4 52. Kc3
1/2-1/2

[Event "Cto. FACV Ind. Absoluto Xixona 2014"]
[Site "Xixona ESP"]
[Date "2014.10.18"]
[Round "3.8"]
[White "Marti Blanes, Jose Manuel"]
[Black "Galiana Fernandez, Adrian"]
[Result "0-1"]
[WhiteElo "1960"]
[BlackElo "1921"]
[PlyCount "96"]
[EventDate "2014.09.27"]
[EventType "swiss"]
[EventRounds "7"]
[EventCountry "ESP"]
[Source "lmi"]
[SourceDate "2014.09.27"]

1. d4 d5 2. c4 c6 3. Nf3 Nf6 4. cxd5 cxd5 5. Nc3 Nc6 6. Bf4 Bf5 7. e3 e6 8. Bb5
Rc8 9. Ne5 Qa5 10. g4 Bg6 11. h4 Ne4 12. Bxc6+ bxc6 13. O-O Nxc3 14. bxc3 f6
15. Nxg6 hxg6 16. Qd3 f5 17. Bg3 Be7 18. g5 Qb5 19. Qb1 Qe2 20. Qd1 Qc4 21. Rb1
Qxc3 22. Rb7 Qa5 23. Qb3 c5 24. Rxe7+ Kxe7 25. Qb7+ Kd8 26. Qxg7 Re8 27. Qf6+
Kd7 28. Rb1 Qa6 29. Qxg6 c4 30. Qh5 c3 31. e4 c2 32. Rc1 dxe4 33. g6 Qxa2 34.
g7 Qb2 35. Bf4 Qxd4 36. Qf7+ Re7 37. Qh5 Rxg7+ 38. Bg5 Qd2 39. Qf7+ Rxf7 40.
Bxd2 Rh7 41. Bg5 Kd6 42. Kf1 Ke5 43. f4+ Kd4 44. Ke2 Kc3 45. Bf6+ Kb3 46. Ke3
Rd7 47. Ke2 Rd3 48. h5 Rh3 0-1

[Event "Cto. FACV Ind. Absoluto Xixona 2014"]
[Site "Xixona ESP"]
[Date "2014.10.18"]
[Round "3.9"]
[White "Sanchez Dengra, Barbara"]
[Black "Fernandez Mira, Alonso"]
[Result "0-1"]
[WhiteElo "1913"]
[BlackElo "1946"]
[PlyCount "134"]
[EventDate "2014.09.27"]
[EventType "swiss"]
[EventRounds "7"]
[EventCountry "ESP"]
[Source "lmi"]
[SourceDate "2014.09.27"]

1. e4 c5 2. Nf3 e6 3. d4 cxd4 4. Nxd4 a6 5. Nc3 b5 6. Bd3 Qb6 7. Be3 Bc5 8. Be2
Nc6 9. Nxc6 dxc6 10. Bxc5 Qxc5 11. Qd3 Nf6 12. f4 O-O 13. O-O-O Bb7 14. e5 Nd5
15. Ne4 Qe7 16. Ng5 g6 17. Qh3 f5 18. Qg3 c5 19. h4 c4 20. Rxd5 Bxd5 21. h5 Ra7
22. hxg6 hxg6 23. Bf3 Bxf3 24. gxf3 Re8 25. Rh7 Qc5 26. Rh1 Qf8 27. Qg1 Rd7 28.
Qh2 Qg7 29. Qg1 Red8 30. Qg3 Qh6 31. Rg1 c3 32. bxc3 Re8 33. Qg2 Qf8 34. Rh1
Qa3+ 35. Kb1 Red8 36. Qe2 Rd2 37. Qe1 Rd1+ 38. Qxd1 Rxd1+ 39. Rxd1 Kf8 40. Rd7
Qxc3 41. Nxe6+ Ke8 42. Rh7 Qxf3 43. Nc7+ Kd8 44. e6 Qd1+ 45. Kb2 Qd4+ 46. Kb1
Qb4+ 47. Ka1 Qc3+ 48. Kb1 Qxc7 49. Rh8+ Ke7 50. Rh7+ Kd6 51. Rxc7 Kxc7 52. Kb2
Kd6 53. e7 Kxe7 54. Kc3 Kf6 55. Kb4 g5 56. fxg5+ Kxg5 57. a4 f4 58. axb5 axb5
59. Kxb5 f3 60. c4 f2 61. c5 f1=Q+ 62. Kc6 Qf8 63. Kb6 Qc8 64. c6 Kf6 65. c7
Ke7 66. Kc6 Ke6 67. Kb6 Kd6 0-1

[Event "Cto. FACV Ind. Absoluto Xixona 2014"]
[Site "Xixona ESP"]
[Date "2014.10.18"]
[Round "3.10"]
[White "Perez Pardo, Adrian Jason"]
[Black "Tonus, Alex"]
[Result "0-1"]
[WhiteElo "1836"]
[BlackElo "1944"]
[PlyCount "82"]
[EventDate "2014.09.27"]
[EventType "swiss"]
[EventRounds "7"]
[EventCountry "ESP"]
[Source "lmi"]
[SourceDate "2014.09.27"]

1. e4 c5 2. Nf3 d6 3. d4 cxd4 4. Nxd4 Nf6 5. Nc3 a6 6. Bd3 e5 7. Nf3 Be7 8. O-O
O-O 9. Bg5 Be6 10. Qe2 Nbd7 11. Rad1 Qb6 12. b3 Qa5 13. Bd2 Qc7 14. Ng5 Bg4 15.
f3 Bh5 16. Nd5 Nxd5 17. exd5 h6 18. Ne4 f5 19. Ng3 Bg6 20. c4 a5 21. Kh1 Nc5
22. Bb1 Rae8 23. Be3 Bh4 24. Qd2 b6 25. Bf2 Bg5 26. Qc3 e4 27. Bxc5 Qxc5 28.
fxe4 fxe4 29. Rxf8+ Kxf8 30. Rf1+ Kg8 31. Re1 Bh4 32. Re3 Rf8 33. Qe1 Qd4 34.
Bxe4 Bxg3 35. hxg3 Re8 36. Bxg6 Qxe3 37. Qxe3 Rxe3 38. Kh2 Kf8 39. Bf5 Ke7 40.
Bc8 Kf6 41. Bd7 Ke5 0-1

[Event "Cto. FACV Ind. Absoluto Xixona 2014"]
[Site "Xixona ESP"]
[Date "2014.10.25"]
[Round "4.1"]
[White "Cano Gimenez, Vicente"]
[Black "Bendayan Claros, Aaron"]
[Result "1-0"]
[WhiteElo "2265"]
[BlackElo "2216"]
[PlyCount "35"]
[EventDate "2014.09.27"]
[EventType "swiss"]
[EventRounds "7"]
[EventCountry "ESP"]
[Source "lmi"]
[SourceDate "2014.09.27"]

1. Nf3 d5 2. c4 c6 3. g3 Nf6 4. Bg2 Bg4 5. cxd5 cxd5 6. Ne5 Bf5 7. Nc3 e6 8. g4
Bg6 9. h4 Bd6 10. d4 Ne4 11. Nxe4 Bxe4 12. f3 f6 13. Qa4+ Kf8 14. fxe4 fxe5 15.
O-O+ Kg8 16. exd5 exd4 17. dxe6 Nc6 18. e7 1-0

[Event "Cto. FACV Ind. Absoluto Xixona 2014"]
[Site "Xixona ESP"]
[Date "2014.10.25"]
[Round "4.2"]
[White "Beltra Garcia, Ruben"]
[Black "Garcia Ramos, Marcos"]
[Result "1-0"]
[WhiteElo "2116"]
[BlackElo "2141"]
[PlyCount "69"]
[EventDate "2014.09.27"]
[EventType "swiss"]
[EventRounds "7"]
[EventCountry "ESP"]
[Source "lmi"]
[SourceDate "2014.09.27"]

1. c4 e5 2. g3 Nf6 3. Nc3 Bb4 4. Bg2 O-O 5. d3 h6 6. e4 c6 7. Nge2 d5 8. exd5
cxd5 9. O-O dxc4 10. dxc4 Nc6 11. h3 Be6 12. Nd5 Bc5 13. Kh2 Re8 14. Nec3 Rc8
15. f4 Bd4 16. Nxf6+ Qxf6 17. Nd5 Bxd5 18. cxd5 Nb4 19. fxe5 Qxe5 20. Bf4 Qf6
21. d6 Red8 22. Qb3 a5 23. Rae1 Rc2 24. Qa4 Rxb2 25. Be5 Qxe5 26. Rxe5 Bxe5 27.
Qxa5 Nc6 28. Qc7 Bf6 29. Kh1 Ra8 30. Bd5 Rf8 31. Re1 Rd2 32. Bxc6 bxc6 33. d7
Bd8 34. Qxc6 g6 35. Re8 1-0

[Event "Cto. FACV Ind. Absoluto Xixona 2014"]
[Site "Xixona ESP"]
[Date "2014.10.25"]
[Round "4.3"]
[White "Serarols Mabras, Bernat"]
[Black "Sanchez Barbado, Carlos"]
[Result "1/2-1/2"]
[WhiteElo "2076"]
[BlackElo "2197"]
[PlyCount "91"]
[EventDate "2014.09.27"]
[EventType "swiss"]
[EventRounds "7"]
[EventCountry "ESP"]
[Source "lmi"]
[SourceDate "2014.09.27"]

1. d4 f5 2. Nc3 d5 3. Bg5 Nf6 4. Bxf6 exf6 5. e3 Be6 6. Qf3 Qd7 7. Bb5 Nc6 8.
Nge2 O-O-O 9. Nf4 Bf7 10. Nd3 g6 11. a3 Qe6 12. O-O g5 13. Bxc6 Qxc6 14. Qxf5+
Kb8 15. Nb4 Qd6 16. Rfd1 a5 17. Nd3 Bg6 18. Qf3 h5 19. b4 h4 20. Qe2 Bh5 21. f3
Qa6 22. bxa5 Qxa5 23. Nb4 Bxb4 24. axb4 Qxb4 25. Na4 Be8 26. Nc5 Bb5 27. c4
Qxc4 28. Qb2 Rd6 29. Rdc1 Qe2 30. Qa3 Ba6 31. Ra2 Qb5 32. Rb2 Qc6 33. Qa5 Ka7
34. Nd3 Qe8 35. Qxc7 Qxe3+ 36. Kh1 Re6 37. Ra1 Rb8 38. Qc3 h3 39. Rba2 hxg2+
40. Kxg2 g4 41. Qc5+ Ka8 42. Qxd5 gxf3+ 43. Kh1 Ka7 44. Qc5+ Ka8 45. Qd5 Ka7
46. Qc5+ 1/2-1/2

[Event "Cto. FACV Ind. Absoluto Xixona 2014"]
[Site "Xixona ESP"]
[Date "2014.10.25"]
[Round "4.4"]
[White "Campos Gambuti, Luis Maria"]
[Black "Varga, Mariano"]
[Result "1-0"]
[WhiteElo "2456"]
[BlackElo "2083"]
[PlyCount "87"]
[EventDate "2014.09.27"]
[EventType "swiss"]
[EventRounds "7"]
[EventCountry "ESP"]
[Source "lmi"]
[SourceDate "2014.09.27"]

1. b4 b6 2. Bb2 Bb7 3. e3 e6 4. c4 Nf6 5. a3 c5 6. b5 Be7 7. Nf3 O-O 8. Be2 d6
9. O-O Nbd7 10. Qc2 Qc7 11. d3 Rfe8 12. Nbd2 Rac8 13. a4 d5 14. Bc3 e5 15. e4
d4 16. Bb2 a5 17. g3 Bd6 18. Nh4 g6 19. Ng2 g5 20. Nf3 h6 21. h4 g4 22. Nh2 h5
23. f3 gxf3 24. Rxf3 Re6 25. Raf1 Kg7 26. Qd2 Rg8 27. Bc1 Kf8 28. Qh6+ Ke7 29.
Bg5 Rg6 30. Qh8 Qb8 31. Qxb8 Bxb8 32. Rf5 Kf8 33. g4 hxg4 34. Nxg4 Nh5 35.
Rxf7+ Ke8 36. Rh7 Nf4 37. Nxf4 exf4 38. Nh6 Bc8 39. Bh5 Ne5 40. Rxf4 Bd6 41.
Nf7 Nxf7 42. Rfxf7 Be5 43. Bxg6 Rxg6 44. Re7+ 1-0

[Event "Cto. FACV Ind. Absoluto Xixona 2014"]
[Site "Xixona ESP"]
[Date "2014.10.25"]
[Round "4.5"]
[White "Arias Igual, Alejandro"]
[Black "Galiana Fernandez, Adrian"]
[Result "1-0"]
[WhiteElo "2276"]
[BlackElo "1921"]
[PlyCount "51"]
[EventDate "2014.09.27"]
[EventType "swiss"]
[EventRounds "7"]
[EventCountry "ESP"]
[Source "lmi"]
[SourceDate "2014.09.27"]

1. d4 d5 2. c4 c6 3. Nf3 Nf6 4. e3 e6 5. b3 Nbd7 6. Bb2 Be7 7. Bd3 b6 8. O-O
O-O 9. Nc3 Bb7 10. Qc2 Rc8 11. Rfd1 c5 12. cxd5 cxd4 13. Nxd4 Bxd5 14. Ba6 Rc7
15. Ndb5 Rc5 16. Qe2 Bc6 17. e4 Qb8 18. Rac1 Rh5 19. h3 Ne5 20. Nd4 Bc5 21.
Nxc6 Nxc6 22. Na4 Ne5 23. Nxc5 bxc5 24. f4 Ng6 25. Bxf6 Nxf4 26. Qg4 1-0

[Event "Cto. FACV Ind. Absoluto Xixona 2014"]
[Site "Xixona ESP"]
[Date "2014.11.08"]
[Round "5.1"]
[White "Cano Gimenez, Vicente"]
[Black "Beltra Garcia, Ruben"]
[Result "1/2-1/2"]
[WhiteElo "2265"]
[BlackElo "2116"]
[PlyCount "60"]
[EventDate "2014.09.27"]
[EventType "swiss"]
[EventRounds "7"]
[EventCountry "ESP"]
[Source "lmi"]
[SourceDate "2014.09.27"]

1. Nf3 d5 2. c4 c6 3. g3 Nf6 4. Bg2 dxc4 5. O-O Nbd7 6. Na3 Nb6 7. Qc2 g6 8.
Nxc4 Nxc4 9. Qxc4 Bg7 10. d3 O-O 11. Bf4 Qd5 12. Qxd5 Nxd5 13. Be5 Rd8 14. Bxg7
Kxg7 15. Rfc1 f6 16. Nd2 e5 17. a3 Bg4 18. Kf1 Rac8 19. Nc4 c5 20. Ke1 Be6 21.
Rab1 b6 22. b4 cxb4 23. axb4 Kf8 24. Kd2 Ne7 25. Na3 Rxc1 26. Rxc1 Rc8 27.
Rxc8+ Nxc8 28. Kc3 Nd6 29. Bc6 Ke7 30. Nb5 Nxb5+ 1/2-1/2

[Event "Cto. FACV Ind. Absoluto Xixona 2014"]
[Site "Xixona ESP"]
[Date "2014.11.08"]
[Round "5.3"]
[White "Garcia Ramos, Marcos"]
[Black "Arias Igual, Alejandro"]
[Result "1/2-1/2"]
[WhiteElo "2141"]
[BlackElo "2276"]
[PlyCount "66"]
[EventDate "2014.09.27"]
[EventType "swiss"]
[EventRounds "7"]
[EventCountry "ESP"]
[Source "lmi"]
[SourceDate "2014.09.27"]

1. e4 c5 2. Nf3 Nc6 3. Nc3 g6 4. d4 cxd4 5. Nxd4 Bg7 6. Be3 Nf6 7. Bc4 O-O 8.
Bb3 a5 9. O-O a4 10. Nxa4 Nxe4 11. Nb5 Ra6 12. Qe2 d6 13. c4 Nf6 14. Rad1 Na5
15. Bc2 Bg4 16. f3 Be6 17. b3 Qb8 18. Nac3 Nc6 19. Bb1 b6 20. Rfe1 Qb7 21. Qd2
Ra5 22. Bh6 Rd8 23. Bxg7 Kxg7 24. Be4 Qc8 25. a4 Ne5 26. Kh1 Re8 27. Qb2 Kg8
28. Rd4 Nxe4 29. Nxe4 Qc6 30. Nexd6 exd6 31. Rxd6 Nxc4 32. bxc4 Bxc4 33. Qc1
Bxb5 1/2-1/2

[Event "Cto. FACV Ind. Absoluto Xixona 2014"]
[Site "Xixona ESP"]
[Date "2014.11.08"]
[Round "5.4"]
[White "Sanchez Barbado, Carlos"]
[Black "Del Valle Domenech, Rafael"]
[Result "1-0"]
[WhiteElo "2197"]
[BlackElo "2013"]
[PlyCount "40"]
[EventDate "2014.09.27"]
[EventType "swiss"]
[EventRounds "7"]
[EventCountry "ESP"]
[Source "lmi"]
[SourceDate "2014.09.27"]

1. e4 Nf6 2. e5 Nd5 3. d4 d6 4. c4 Nb6 5. exd6 cxd6 6. Nc3 g6 7. Be3 Bg7 8. Rc1
O-O 9. b3 Nc6 10. d5 Ne5 11. Be2 h5 12. Nf3 e6 13. dxe6 Bxe6 14. O-O Ng4 15.
Bg5 f6 16. Bf4 d5 17. c5 Nd7 18. Nd4 Bf7 19. Rc2 f5 20. c6 Nc5 1-0

[Event "Cto. FACV Ind. Absoluto Xixona 2014"]
[Site "Xixona ESP"]
[Date "2014.11.08"]
[Round "5.5"]
[White "Tonus, Alex"]
[Black "Esquerdo Nogueroles, Gaspar"]
[Result "1-0"]
[WhiteElo "1944"]
[BlackElo "1959"]
[PlyCount "105"]
[EventDate "2014.09.27"]
[EventType "swiss"]
[EventRounds "7"]
[EventCountry "ESP"]
[Source "lmi"]
[SourceDate "2014.09.27"]

1. e4 c5 2. Nf3 d6 3. d4 cxd4 4. Nxd4 Nf6 5. Nc3 a6 6. Bg5 e6 7. f4 Be7 8. Qf3
O-O 9. O-O-O Qc7 10. Bd3 b5 11. e5 dxe5 12. Ndxb5 axb5 13. Qxa8 Bb7 14. Nxb5
Qc6 15. Qa4 e4 16. Be2 Bc5 17. Nc3 Qxa4 18. Nxa4 Be3+ 19. Kb1 Nd5 20. c4 Nxf4
21. Bxf4 Bxf4 22. g3 Be3 23. Rd6 Re8 24. Rhd1 f5 25. Rd8 Kf8 26. Nc3 Ke7 27.
Rxe8+ Kxe8 28. Nb5 Ke7 29. Nd6 Bc6 30. Nc8+ Kf6 31. Rd8 g5 32. b4 f4 33. b5 Bd7
34. b6 Bc6 35. Na7 f3 36. Bf1 Bxb6 37. Nxc6 Bxd8 38. Nxd8 e3 39. Kc2 e2 40.
Bxe2 fxe2 41. Kd2 Ke7 42. Nb7 e5 43. Kxe2 Nc6 44. a4 h5 45. Ke3 h4 46. Ke4 Ke6
47. a5 Nb4 48. Nc5+ Kd6 49. Nd3 Nc6 50. c5+ Ke6 51. a6 hxg3 52. hxg3 g4 53. Nf2
1-0

[Event "Cto. FACV Ind. Absoluto Xixona 2014"]
[Site "Xixona ESP"]
[Date "2014.11.15"]
[Round "6.1"]
[White "Arias Igual, Alejandro"]
[Black "Cano Gimenez, Vicente"]
[Result "1/2-1/2"]
[WhiteElo "2276"]
[BlackElo "2265"]
[PlyCount "71"]
[EventDate "2014.09.27"]
[EventType "swiss"]
[EventRounds "7"]
[EventCountry "ESP"]

1. d4 Nf6 2. c4 c5 3. d5 b5 4. cxb5 a6 5. b6 e6 6. Nc3 Nxd5 7. Nxd5 exd5 8.
Qxd5 Nc6 9. Nf3 Rb8 10. e4 Be7 11. Bc4 O-O 12. O-O Rxb6 13. Bd2 d6 14. Bc3 Bg4
15. Rad1 Nb4 16. Qd2 Bxf3 17. gxf3 d5 18. Bxd5 Nxd5 19. Qxd5 Qc8 20. Qd7 Qb8
21. e5 Qa8 22. Qd5 Qc8 23. f4 Qg4+ 24. Qg2 Qxf4 25. e6 Qg5 26. Qxg5 Bxg5 27. f4
Bh4 28. exf7+ Rxf7 29. Rf3 h6 30. Rd5 Bf6 31. Bxf6 Rfxf6 32. b3 c4 33. bxc4 Rb2
34. a4 Rc2 35. c5 Rc6 36. Rfd3 1/2-1/2

[Event "Cto. FACV Ind. Absoluto Xixona 2014"]
[Site "Xixona ESP"]
[Date "2014.11.15"]
[Round "6.2"]
[White "Beltra Garcia, Ruben"]
[Black "Bendayan Claros, Aaron"]
[Result "0-1"]
[WhiteElo "2116"]
[BlackElo "2216"]
[PlyCount "63"]
[EventDate "2014.09.27"]
[EventType "swiss"]
[EventRounds "7"]
[EventCountry "ESP"]

1. d4 Nf6 2. Nf3 d5 3. c4 e6 4. cxd5 exd5 5. Bg5 Bb4+ 6. Nc3 Nbd7 7. e3 c5 8.
dxc5 Bxc3+ 9. bxc3 Qa5 10. Qd4 O-O 11. Bd3 Ne4 12. O-O Ndxc5 13. Be7 Re8 14.
Bxc5 Nxc5 15. Qxd5 Be6 16. Qh5 g6 17. Qh6 Nxd3 18. Ng5 Qxc3 19. Qxh7+ Kf8 20.
Rad1 Rad8 21. f4 Nc5 22. Rc1 Qxe3+ 23. Kh1 Nd3 24. Rc2 Ke7 25. h3 Rc8 26. f5
Rxc2 27. fxe6 Qxg5 28. Qxf7+ Kd6 29. Qd7+ Ke5 30. Qg7+ Ke4 31. Qxb7+ Ke5 32.
Qf7 0-1

[Event "Cto. FACV Ind. Absoluto Xixona 2014"]
[Site "Xixona ESP"]
[Date "2014.11.15"]
[Round "6.3"]
[White "Serarols Mabras, Bernat"]
[Black "Tonus, Alex"]
[Result "1-0"]
[WhiteElo "2076"]
[BlackElo "1944"]
[PlyCount "71"]
[EventDate "2014.09.27"]
[EventType "swiss"]
[EventRounds "7"]
[EventCountry "ESP"]

1. d4 Nf6 2. c4 g6 3. Nc3 Bg7 4. Nf3 O-O 5. Bf4 d6 6. e3 Nbd7 7. Be2 b6 8. O-O
Bb7 9. Qc2 e6 10. h3 Qe7 11. Rad1 Rfe8 12. e4 e5 13. dxe5 Nxe5 14. Nxe5 dxe5
15. Be3 c6 16. a4 Red8 17. c5 bxc5 18. a5 Rxd1 19. Rxd1 Rd8 20. Rc1 Bf8 21. Na4
Nd7 22. a6 Bc8 23. Qb3 Kg7 24. Nxc5 Nxc5 25. Bxc5 Qc7 26. Be3 Bd6 27. Qc3 Bd7
28. b4 Rc8 29. Bc5 Rb8 30. Bxd6 Qxd6 31. Rd1 Qxb4 32. Qxb4 Rxb4 33. Rxd7 Rxe4
34. Kf1 Ra4 35. f3 c5 36. Rc7 1-0

[Event "Cto. FACV Ind. Absoluto Xixona 2014"]
[Site "Xixona ESP"]
[Date "2014.11.15"]
[Round "6.4"]
[White "Sanchez Barbado, Carlos"]
[Black "Marti Blanes, Jose Manuel"]
[Result "0-1"]
[WhiteElo "2197"]
[BlackElo "1960"]
[PlyCount "63"]
[EventDate "2014.09.27"]
[EventType "swiss"]
[EventRounds "7"]
[EventCountry "ESP"]

1. e4 e6 2. d4 d5 3. Nd2 c5 4. Ngf3 Nc6 5. exd5 exd5 6. dxc5 Bxc5 7. Nb3 Bb6 8.
c3 Nf6 9. Bg5 Bxf2+ 10. Kxf2 Ne4+ 11. Kg1 Nxg5 12. Qe1+ Be6 13. Nfd4 O-O 14. h4
Ne4 15. Bd3 Re8 16. Nxe6 Rxe6 17. Rh3 Qb6+ 18. Kf1 Rae8 19. Bxe4 dxe4 20. Re3
Rf6+ 21. Kg1 Rfe6 22. Kh1 f5 23. Qg3 Qd8 24. Qf4 Ne7 25. Rg3 Rf8 26. Rf1 Ng6
27. Qg5 Qxg5 28. Rxg5 Nxh4 29. Rh5 Ng6 30. Rhxf5 Rxf5 31. Rxf5 e3 32. Nd4 0-1

[Event "Cto. FACV Ind. Absoluto Xixona 2014"]
[Site "Xixona ESP"]
[Date "2014.11.15"]
[Round "6.5"]
[White "Galiana Fernandez, Adrian"]
[Black "Garcia Ramos, Marcos"]
[Result "0-1"]
[WhiteElo "1921"]
[BlackElo "2141"]
[PlyCount "51"]
[EventDate "2014.09.27"]
[EventType "swiss"]
[EventRounds "7"]
[EventCountry "ESP"]

1. e4 c5 2. Nf3 e6 3. d4 cxd4 4. Nxd4 a6 5. Nc3 b5 6. Be2 Bb7 7. Bf3 Qc7 8. O-O
Nc6 9. Nxc6 dxc6 10. Qe2 e5 11. a4 Nf6 12. Bg5 Be7 13. axb5 axb5 14. Rxa8+ Bxa8
15. Ra1 O-O 16. Be3 Bb7 17. g3 Nd7 18. Ra7 Bc5 19. Bxc5 Nxc5 20. Qe3 Ne6 21.
Ne2 c5 22. Bg4 Qb6 23. Ra1 Nd4 24. Rc1 Qg6 25. Bh3 Nxe2+ 26. Qxe2 0-1

[Event "Cto. FACV Ind. Absoluto Xixona 2014"]
[Site "Xixona ESP"]
[Date "2014.11.22"]
[Round "7.1"]
[White "Cano Gimenez, Vicente"]
[Black "Serarols Mabras, Bernat"]
[Result "0-1"]
[WhiteElo "2265"]
[BlackElo "2076"]
[PlyCount "100"]
[EventDate "2014.09.27"]
[EventType "swiss"]
[EventRounds "7"]
[EventCountry "ESP"]

1. Nf3 d5 2. g3 Nf6 3. Bg2 e6 4. O-O c5 5. c4 d4 6. b4 cxb4 7. a3 Nc6 8. d3 e5
9. axb4 Bxb4 10. Qa4 Nd7 11. Ba3 Nc5 12. Qc2 Bxa3 13. Nxa3 O-O 14. Nd2 Bf5 15.
Nb3 Ne6 16. c5 Qe7 17. Nb5 Ng5 18. h4 Nh3+ 19. Kh2 Nf4 20. Nd6 Nxg2 21. Nxf5
Qf6 22. e4 g6 23. Nh6+ Kg7 24. Qc1 Nxh4 25. Ng4 Qg5 26. Qxg5 Nf3+ 27. Kg2 Nxg5
28. Na5 Nxa5 29. Rxa5 f6 30. Rfa1 h5 31. Nh2 Ne6 32. Rb1 Rf7 33. Rab5 Rc8 34.
Rxb7 Nxc5 35. Rxf7+ Kxf7 36. Rc1 Ke7 37. f4 Kd7 38. fxe5 fxe5 39. Rd1 a5 40.
Nf3 Kd6 41. Rc1 a4 42. Nd2 Rc7 43. Nc4+ Ke6 44. Na3 Kd7 45. Rc4 Kc6 46. Rc2 Rb7
47. Nc4 Rb3 48. Nxe5+ Kb5 49. Nxg6 a3 50. Kf3 Rb2 0-1

[Event "Cto. FACV Ind. Absoluto Xixona 2014"]
[Site "Xixona ESP"]
[Date "2014.11.22"]
[Round "7.2"]
[White "Bendayan Claros, Aaron"]
[Black "Arias Igual, Alejandro"]
[Result "1/2-1/2"]
[WhiteElo "2216"]
[BlackElo "2276"]
[PlyCount "72"]
[EventDate "2014.09.27"]
[EventType "swiss"]
[EventRounds "7"]
[EventCountry "ESP"]

1. d4 Nf6 2. c4 e6 3. Nc3 Bb4 4. Nf3 c5 5. g3 cxd4 6. Nxd4 Nc6 7. Nc2 Bxc3+ 8.
bxc3 Ne4 9. Qd3 Nc5 10. Qe3 d6 11. Ba3 O-O 12. Rd1 Qe7 13. Bg2 Bd7 14. Qd2 Rfd8
15. Qxd6 Qxd6 16. Rxd6 Na4 17. Kd2 Nb6 18. Ne3 Na5 19. Kd3 Nbxc4 20. Nxc4 Bb5
21. Kc2 Nxc4 22. Rxd8+ Rxd8 23. Bc1 Ba4+ 24. Kb1 f5 25. e4 Bc6 26. Re1 Nd2+ 27.
Kc2 Nxe4 28. f3 Nc5 29. Ba3 Ba4+ 30. Kb1 b6 31. Bxc5 bxc5 32. Bf1 Kf7 33. Bc4
Rd6 34. Re5 Bc6 35. Rxf5+ Ke7 36. Rxc5 Bxf3 1/2-1/2

[Event "Cto. FACV Ind. Absoluto Xixona 2014"]
[Site "Xixona ESP"]
[Date "2014.11.22"]
[Round "7.3"]
[White "Marti Blanes, Jose Manuel"]
[Black "Beltra Garcia, Ruben"]
[Result "0-1"]
[WhiteElo "1960"]
[BlackElo "2116"]
[PlyCount "64"]
[EventDate "2014.09.27"]
[EventType "swiss"]
[EventRounds "7"]
[EventCountry "ESP"]

1. d4 d5 2. Nf3 c6 3. c4 e6 4. cxd5 exd5 5. Nc3 Bf5 6. Qb3 Qb6 7. Qxb6 axb6 8.
e3 Nd7 9. Nh4 Bg6 10. Nxg6 hxg6 11. Bd2 Bd6 12. h3 Ngf6 13. Bd3 b5 14. O-O O-O
15. Rfc1 Nb6 16. f3 Rfe8 17. e4 b4 18. e5 bxc3 19. Bxc3 Be7 20. exf6 Bxf6 21.
Re1 Rxe1+ 22. Rxe1 Nd7 23. f4 Nf8 24. f5 gxf5 25. Bxf5 g6 26. Bb1 Kg7 27. Kf2
Ne6 28. Rd1 Ra4 29. b4 Be7 30. Rd3 Bxb4 31. Bc2 Rxa2 32. Bxb4 Rxc2+ 0-1

[Event "Cto. FACV Ind. Absoluto Xixona 2014"]
[Site "Xixona ESP"]
[Date "2014.11.22"]
[Round "7.4"]
[White "Garcia Ramos, Marcos"]
[Black "Sanchez Barbado, Carlos"]
[Result "0-1"]
[WhiteElo "2141"]
[BlackElo "2197"]
[PlyCount "48"]
[EventDate "2014.09.27"]
[EventType "swiss"]
[EventRounds "7"]
[EventCountry "ESP"]

1. e4 c5 2. Nf3 e6 3. d4 cxd4 4. Nxd4 Nf6 5. Nc3 Nc6 6. Ndb5 Bb4 7. a3 Bxc3+ 8.
Nxc3 d5 9. exd5 exd5 10. Bd3 O-O 11. O-O d4 12. Ne2 Bg4 13. f3 Bh5 14. b4 Qb6
15. Bb2 Rad8 16. Qd2 Bg6 17. Rad1 Bxd3 18. Qxd3 Nd5 19. Rfe1 Nc3 20. Rd2 Ne5
21. Qf5 d3+ 22. Kh1 Qf2 23. Bxc3 Qxe1+ 24. Ng1 Rc8 0-1

[Event "Cto. FACV Ind. Absoluto Xixona 2014"]
[Site "Xixona ESP"]
[Date "2014.11.22"]
[Round "7.5"]
[White "Ramos Ferrandiz, Juan Carlos"]
[Black "Del Valle Domenech, Rafael"]
[Result "1-0"]
[WhiteElo "2075"]
[BlackElo "2013"]
[PlyCount "57"]
[EventDate "2014.09.27"]
[EventType "swiss"]
[EventRounds "7"]
[EventCountry "ESP"]

1. d4 g6 2. Nf3 Bg7 3. c4 d6 4. e4 Bg4 5. Be2 Nc6 6. Be3 e5 7. d5 Bxf3 8. Bxf3
Nd4 9. Nc3 Nxf3+ 10. Qxf3 Nf6 11. O-O O-O 12. Rac1 Nd7 13. Qe2 f5 14. f3 a5 15.
b3 h5 16. a3 Nc5 17. b4 axb4 18. axb4 Nb3 19. Rcd1 c5 20. dxc6 bxc6 21. c5 Nd4
22. Qc4+ Kh7 23. cxd6 Qxd6 24. exf5 gxf5 25. f4 Rab8 26. fxe5 Rxb4 27. Qxd4
Rxd4 28. exd6 Rxd1 29. Nxd1 1-0